000 00532nam a2200193Ia 4500
008 151119s9999||||xx |||||||||||||| ||und||
082 _a580
082 _bGKKV10903
100 _aवांगीकर बी पी
245 _aवृक्षसंपदा
260 _a--
260 _b--
260 _c0
600 _aवांगीकर बी पी
630 _aवृक्षसंपदा
700 _aवांगीकर बी पी
730 _aवृक्षसंपदा
942 _cBOOK
999 _c1064968
_d1064965